Kung Fu:tae kwondo, tae chi- -IATDO- Shint Ryu (Registro nro. 10620)

Detalles MARC
000 -Cabecera
Campo de control de longitud fija 00591nam a22002417a 4500
005 - Fecha y hora de la última transacción
Campo de control 20260413173939.0
008 - Elementos de longitud fija--Información general
Campo de control de longitud fija 180514b2000 xxu||||| |||| 00| 0 spa d
020 ## - International Standard Book Number
Número Internacional Estándar del Libro (ISBN) 9780754804659
041 ## - Idioma
Código de idioma Español
082 ## - Clasificación Decimal Dewey
Número de clasificación 796.815 G653k
100 ## - Entrada principal--Autor personal
Nombre personal Goodman, Fay
9 (RLIN) 47009
245 ## - Título propiamente dicho
Título Kung Fu:tae kwondo, tae chi- -IATDO- Shint Ryu
260 ## - Pie de imprenta
Lugar de publicación, distribución, etc. Estados Unidos
260 ## - Pie de imprenta
Nombre del editor, distribuidor, etc. Lorenz Books
260 ## - Pie de imprenta
Fecha de publicación, distribución, etc. 2000
300 ## - Descripción física
Extensión 128 páginas
490 ## - Serie
Título de la Serie Temática General
650 ## - Materia general
Temática (materia general) KUN FU
650 ## - Materia general
Temática (materia general) WING CHUN
650 ## - Materia general
Temática (materia general) TAEKWONDO
650 ## - Materia general
Temática (materia general) TAI CHI CHUAN
942 ## - Punto de acceso adicional KOHA
Tipo de ítem KOHA Libro
Fuente del sistema de clasificación o colocación Dewey Decimal Classification
Existencias
Signatura completa Código de barras Programa Académico Tipo de ítem
796.815 G653k 23211 Temática General Libro